Every Song by the Prodigy - Statistics

General Stats
  • This quiz has been taken 37 times
  • The average score is 41 of 103
Answer Stats
Album Song % Correct
The Fat of the Land(1997) Breathe
93%
Experience(1992) Fire
89%
The Fat of the Land(1997) Firestarter
89%
Invaders Must Die(2009) Invaders Must Die
81%
Experience(1992) Out of Space
81%
The Fat of the Land(1997) Smack My Bitch Up
81%
Music for the Jilted Generation(1994) No Good (Start the Dance)
78%
Music for the Jilted Generation(1994) Voodoo People
78%
Invaders Must Die(2009) Omen
74%
Invaders Must Die(2009) Omen (Reprise)
74%
Music for the Jilted Generation(1994) Poison
74%
Experience Expanded(1992) | Experience(1992) Charly
70%
The Fat of the Land(1997) Diesel Power
70%
Always Outnumbered, Never Outgunned(2004) Girls
70%
Always Outnumbered, Never Outgunned(2004) Spitfire
70%
Music for the Jilted Generation(1994) Their Law
70%
The Fat of the Land(1997) Climbatize
67%
The Fat of the Land(1997) Narayan
67%
No Tourists(2018) No Tourists
67%
Experience(1992) Jericho
63%
Experience(1992) Weather Experience
63%
Invaders Must Die(2009) Colours
59%
The Fat of the Land(1997) Funky Shit
59%
The Fat of the Land(1997) Mindfields
59%
Invaders Must Die(2009) Take Me to the Hospital
59%
The Day is My Enemy(2015) The Day is My Enemy
59%
Invaders Must Die(2009) Warrior's Dance
59%
Music for the Jilted Generation(1994) Break & Enter
56%
The Fat of the Land(1997) Serial Thrilla
56%
Invaders Must Die(2009) Thunder
56%
Non-Album(2002) Baby's Got a Temper
52%
Always Outnumbered, Never Outgunned(2004) Hotride
52%
Experience(1992) Music Reach (1/2/3/4)
52%
What Evil Lurks(1991) What Evil Lurks
52%
Experience(1992) Death of the Prodigy Dancers
48%
Experience(1992) Everybody in the Place (155 and Rising)
48%
Music for the Jilted Generation(1994) | World's on Fire(2011) Intro
48%
Music for the Jilted Generation(1994) One Love
48%
Invaders Must Die(2009) World's on Fire
48%
Music for the Jilted Generation(1994) Speedway
44%
Experience(1992) Wind It Up
44%
Invaders Must Die(2009) Run With the Wolves
41%
Music for the Jilted Generation(1994) The Heat (The Energy)
41%
Experience(1992) Your Love
41%
Music for the Jilted Generation(1994) Full Throttle
37%
The Day is My Enemy(2015) Ibiza
37%
The Day is My Enemy(2015) Nasty
37%
Invaders Must Die(2009) Piranha
37%
The Day is My Enemy(2015) Roadblox
37%
Experience(1992) Ruff in the Jungle Bizness
37%
Invaders Must Die(2009) Stand Up
37%
The Day is My Enemy(2015) Wild Frontier
37%
Always Outnumbered, Never Outgunned(2004) You'll Be Under My Wheels
37%
Always Outnumbered, Never Outgunned(2004) Action Radar
33%
The Day is My Enemy(2015) Get Your Fight On
30%
Always Outnumbered, Never Outgunned(2004) Medusa's Path
30%
More Music for the Jilted Generation(2008) Rat Poison
30%
What Evil Lurks(1991) Android
26%
Experience(1992) Hyperspeed (G-Force Part 2)
26%
Always Outnumbered, Never Outgunned(2004) Memphis Bells
26%
The Fat of the Land(Bonus)(1997) Molotov Bitch
26%
No Tourists(2018) Boom Boom Tap
22%
The Day is My Enemy(2015) Destroy
22%
Invaders Must Die(Bonus)(2009) The Big Gundown
22%
The Day is My Enemy(2015) Wall of Death
22%
Experience Expanded(1992) We are the Ruffest
22%
No Tourists(2018) We Live Forever
22%
Invaders Must Die(Bonus)(2009) Wild West
22%
The Day is My Enemy(2015) Beyond the Deathray
19%
No Tourists(2018) Champions of London
19%
More Music for the Jilted Generation(2008) Goa (The Heat The Energy Part 2)
19%
No Tourists(2018) Light Up the Sky
19%
No Tourists(2018) Need Some1
19%
Always Outnumbered, Never Outgunned(2004) Phoenix
19%
Music for the Jilted Generation(1994) The Narcotic Suite: 3 Kilos
19%
Music for the Jilted Generation(1994) The Narcotic Suite: Claustrophobic Sting
19%
Music for the Jilted Generation(1994) The Narcotic Suite: Skylined
19%
Always Outnumbered, Never Outgunned(2004) The Way It Is
19%
Their Law: The Singles 1990–2005(2005) Voodoo Beats
19%
No Tourists(2018) Fight Fire with Fire
15%
Always Outnumbered, Never Outgunned(2004) Get Up Get Off
15%
No Tourists(2018) Give Me a Signal
15%
The Day is My Enemy(2015) Invisible Sun
15%
The Day is My Enemy(2015) Medicine
15%
The Day is My Enemy(2015) Rebel Radio
15%
No Tourists(2018) Resonate
15%
The Day is My Enemy(2015) Rok-Weiler
15%
More Music for the Jilted Generation(2008) Scienide
15%
Always Outnumbered, Never Outgunned(2004) Shoot Down
15%
No Tourists(2018) Timebomb Zone
15%
Lost Beats(2009) Black Smoke
11%
Experience Expanded(1992) Crazy Man
11%
Lost Beats(2009) Fighter Beat
11%
Always Outnumbered, Never Outgunned(Bonus)(2004) More Girls
11%
Their Law: The Singles 1990–2005(2005) Razor
11%
The Day is My Enemy(2015) Rhythm Bomb
11%
Always Outnumbered, Never Outgunned(2004) Wake Up Call
11%
The Fat of the Land(Bonus)(1997) No Man Army
7%
What Evil Lurks(1991) We Gonna Rock
7%
Always Outnumbered, Never Outgunned(Bonus)(2004) Who U Foolin'
7%
Their Law: The Singles 1990–2005(2005) Back 2 Skool
4%
No matching quizzes found
Score Distribution
Percent of People with Each Score
Percentile by Number Answered
Your Score History
You have not taken this quiz